Documentation information science and automation in libraries (Record no. 39640)
[ view plain ]
| 000 -LEADER | |
|---|---|
| fixed length control field | 00331nam a2200121Ia 4500 |
| 082 ## - DEWEY DECIMAL CLASSIFICATION NUMBER | |
| Classification number | 02:002 |
| Item number | SHA |
| 100 ## - MAIN ENTRY--AUTHOR NAME | |
| Personal name | Arya, S B |
| 245 #0 - TITLE STATEMENT | |
| Title | Documentation information science and automation in libraries |
| 260 ## - PUBLICATION, DISTRIBUTION, ETC. (IMPRINT) | |
| Place of publication | Agra |
| Name of publisher | Y K Publishers |
| Year of publication | 1988 |
| 700 ## - ADDED ENTRY--PERSONAL NAME | |
| Personal name | Sharma, C K |
| 942 ## - ADDED ENTRY ELEMENTS (KOHA) | |
| Koha item type | Books |
| Withdrawn status | Lost status | Damaged status | Not for loan | Home library | Current library | Date acquired | Cost, normal purchase price | Full call number | Accession Number | Koha item type |
|---|---|---|---|---|---|---|---|---|---|---|
| RRII Library | RRII Library | 16/12/2021 | 180.00 | 02:002 SHA | 19971 | Books |